00946cam a22002411 4500001001300000003000400013005001700017008004100034010001700075035002000092040004800112042001200160050002200172100003400194245012000228260006200348300004800410490005700458500006000515650003000575740008200605999001700687gs 31000245 DLC20260227111336.0861027s1931 at ab f000 0 eng c ags 31000245  a(OCoLC)14522679 aLibrary, U.S. Geological SurveycTxDaMdDLC apremarc00aQE345b.A4 no. 151 aJack, Robert Lockhart,d1878-10a... Report on the geology of the region to the north and north-west of Tarcoola (with map)cBy R. Lockhart Jack ... aAdelaide,bPrinted by H. Weir, government printer,c1931. a31 p.bincl. tables. fold. col. map.c1931.0 aSouth Australia. Geological Survey. Bulletinvno. 15 aAt head of title: South Australia. Department of Mines. 0aGeologyzSouth Australia.0 aTarcoola, Report on the geology of the region to the north and north-west of. c26907d26907